Cities with a metro system - Statistics

General Stats
  • This quiz has been taken 33 times
  • The average score is 115 of 225
Answer Stats
Group Answer % Correct
Belarus Minsk
96%
Argentina Buenos Aires
91%
Bangladesh Dhaka
91%
Australia* Melbourne
91%
Australia Sydney
91%
Austria Vienna
91%
Algeria Algiers
87%
Azerbaijan Baku
87%
Colombia* Bogotá
87%
Belgium Brussels
87%
Czech Republic Prague
87%
Brazil São Paulo
87%
Brazil Brasília
83%
United States Los Angeles
83%
Russia Moscow
83%
United States New York
83%
Brazil Rio de Janeiro
83%
Bulgaria Sofia
83%
Armenia Yerevan
83%
Netherlands Amsterdam
78%
Serbia* Belgrade
78%
Germany Berlin
78%
Hungary Budapest
78%
Egypt Cairo
78%
Denmark Copenhagen
78%
Qatar Doha
78%
United Arab Emirates Dubai
78%
Finland Helsinki
78%
Turkey Istanbul
78%
Malaysia Kuala Lumpur
78%
Ukraine Kyiv
78%
United Kingdom London
78%
Colombia Medellín
78%
Mexico Mexico City
78%
Italy Milan
78%
Canada Montreal
78%
Germany Munich
78%
Italy Naples
78%
Italy Rome
78%
Chile Santiago
78%
Sweden Stockholm
78%
Taiwan Taipei
78%
Japan Tokyo
78%
Canada Toronto
78%
Turkey Ankara
74%
Greece Athens
74%
Spain Barcelona
74%
United States Boston
74%
Romania Bucharest
74%
United States Chicago
74%
India Delhi
74%
Indonesia Jakarta
74%
France Lyon
74%
Spain Madrid
74%
France Marseille
74%
India Mumbai
74%
Japan Nagoya
74%
Japan Osaka
74%
Norway Oslo
74%
France Paris
74%
Saudi Arabia* Riyadh
74%
Russia Saint Petersburg
74%
South Korea Seoul
74%
Singapore Singapore
74%
Italy Turin
74%
Canada Vancouver
74%
United Arab Emirates* Abu Dhabi
70%
Thailand Bangkok
70%
China Beijing
70%
South Korea Busan
70%
Venezuela Caracas
70%
India Chennai
70%
China Guangzhou
70%
Germany Hamburg
70%
China Hong Kong
70%
India Kolkata
70%
Philippines Manila
70%
Panama Panama City
70%
Netherlands Rotterdam
70%
China Shanghai
70%
Iran Tehran
70%
Mexico Guadalajara
65%
Vietnam Hanoi
65%
Vietnam* Ho Chi Minh City
65%
Japan Kyoto
65%
Nigeria Lagos
65%
Pakistan Lahore
65%
Peru Lima
65%
Portugal Lisbon
65%
Mexico Monterrey
65%
North Korea Pyongyang
65%
Ecuador Quito
65%
United States San Francisco
65%
Japan Sapporo
65%
France Toulouse
65%
Poland Warsaw
65%
United States Washington
65%
China Wuhan
65%
India Bangalore
61%
Brazil Belo Horizonte
61%
United Kingdom Glasgow
61%
India Hyderabad
61%
Turkey İzmir
61%
France Lille
61%
Dominican Republic Santo Domingo
61%
Kazakhstan Almaty
57%
United States Atlanta
57%
China Chengdu
57%
China Chongqing
57%
Japan Hiroshima
57%
Saudi Arabia* Jeddah
57%
United States Miami
57%
United States Philadelphia
57%
Brazil Salvador
57%
China Shenzhen
57%
Georgia Tbilisi
57%
Greece* Thessaloniki
57%
Ivory Coast* Abidjan
52%
India Ahmedabad
52%
Spain Bilbao
52%
Ukraine Dnipro
52%
Japan Fukuoka
52%
Brazil Recife
52%
China Xi'an
52%
Japan Yokohama
52%
South Korea Daegu
48%
China Harbin
48%
Ukraine Kharkiv
48%
Japan Kobe
48%
Russia Nizhny Novgorod
48%
Uzbekistan Tashkent
48%
China Tianjin
48%
Russia Yekaterinburg
48%
United States Baltimore
43%
Turkey Bursa
43%
United States Cleveland
43%
Brazil Fortaleza
43%
South Korea Incheon
43%
Iran Isfahan
43%
India Jaipur
43%
Russia Kazan
43%
China Nanjing
43%
Russia Novosibirsk
43%
Germany Nuremberg
43%
Brazil Porto Alegre
43%
India Pune
43%
France Rennes
43%
China Shenyang
43%
China Xiamen
43%
Italy Genoa
39%
Switzerland Lausanne
39%
China Nanning
39%
Russia Samara
39%
China Ürümqi
39%
China Zhengzhou
39%
Italy Catania
35%
China Changsha
35%
China Fuzhou
35%
United States* Honolulu
35%
China Kunming
35%
China Qingdao
35%
Iran Tabriz
35%
Turkey Adana
30%
India* Agra
30%
China Dalian
30%
China Hangzhou
30%
India Lucknow
30%
Iran Mashhad
30%
India Nagpur
30%
Iran Shiraz
30%
India* Bhopal
26%
China Hefei
26%
China Jinan
26%
Taiwan Kaohsiung
26%
China Ningbo
26%
China* Shantou
26%
Taiwan Taichung
26%
China Taiyuan
26%
Italy Brescia
22%
China Foshan
22%
South Korea Gwangju
22%
Malaysia* Johor Bahru
22%
India Kanpur
22%
Turkey* Konya
22%
India* Patna
22%
Iran* Qom
22%
Japan Sendai
22%
India* Surat
22%
China Changchun
17%
Russia* Chelyabinsk
17%
South Korea Daejeon
17%
China Dongguan
17%
China Hohhot
17%
Russia* Krasnoyarsk
17%
United States San Juan
17%
China Wenzhou
17%
China Wuxi
17%
India* Indore
13%
Iran* Kermanshah
13%
India Kochi
13%
China Lanzhou
13%
China Nanchang
13%
Taiwan* New Taipei
13%
China Shijiazhuang
13%
China Suzhou
13%
Iran* Ahvaz
9%
China Guiyang
9%
Turkey* Mersin
9%
China Nantong
9%
China Changzhou
4%
China* Guilin
4%
India Gurgaon
4%
Iran Karaj
4%
India* Navi Mumbai
4%
India Noida
4%
Malaysia* Shah Alam
4%
Taiwan Taoyuan
4%
China Xuzhou
4%
China* Bengbu
0%
Turkey* Gebze
0%
China Jinhua
0%
China* Liuzhou
0%
China Luoyang
0%
China Shaoxing
0%
China Taizhou
0%
No matching quizzes found
Score Distribution
Percent of People with Each Score
Percentile by Number Answered
Your Score History
You have not taken this quiz